Structured programming with QuickBASIC

Bibliographic Details
Main Author: Payne, James
Format: Book
Published: Boston : PWS-Kent Publishing , 1991
Subjects:

MARC

LEADER 00000cam a2200000 7i4500
001 0000004898
002 000005282
005 .0
020 |a 0534926428 
090 0 0 |a 005.133   |b PAY 
100 1 |a Payne, James 
245 1 0 |a Structured programming with QuickBASIC   |c James Payne 
260 |a Boston :   |b PWS-Kent Publishing ,   |c 1991 
300 |a 402 p. ;   |c 23 cm. 
650 0 0 |a BASIC (Computer program language) 
650 0 0 |a Microsoft QuickBASIC (Computer program) 
999 |a 037641   |b BUKU   |c PINJAMAN   |e PERPUSTAKAAN KOMUNITI PETALING JAYA